000 00785cab a2200241 4500
001 WB3032-101
008 090401t1994 xxu||||| |||| 00| 0 eng d
035 _a(Sirsi) u66054
041 _aeng
245 _aGreenpeace questions value of roads
260 _c1994
350 _a0
490 _aIndependent
_v31 August 1994, 4(1)
520 _aNew roads do not bring prosperity and may even cause an area`s economic decline according to a new study by Greenpeace "Roads, jobs and the economy".
650 _aECONOMIC FACTORS
650 _aECONOMIC VALUE
650 _aPROPERTY-INFRASTRUCTURE-TRANSPORT INFRASTRUCTURE-ROAD INFRASTRUCTURE
650 _aTRAFFIC
650 _aTRANSPORT POLICY
690 _aTRANSPORT AND COMMUNICATIONS
942 _n0
948 _c04/03/1997
999 _c41281
_d41281